Ku komparácii monetárnych koncepcií J. M. Keynesa a M. Friedmana

Salvato in:
Dettagli Bibliografici
Autore principale: Gonda, Vladimír
Natura: Capitolo di libro
Lingua:slovacco
Tags: Aggiungi Tag
Nessun Tag, puoi essere il primo ad aggiungerne!!

MARC

LEADER 00000naa$a2200000$$$4500
001 0112287
005 20240502083259.1
041 0 |a slo 
044 |a CZ 
245 1 0 |a Ku komparácii monetárnych koncepcií J. M. Keynesa a M. Friedmana  |c Vladimír Gonda 
100 1 |a Gonda, Vladimír